| 000 | 00854nam a2200253 i 4500 | ||
|---|---|---|---|
| 001 | 17300 | ||
| 003 | ES-MaACL | ||
| 005 | 20240420063012.0 | ||
| 007 | t| | ||
| 008 | 010125s2000 sp ||||0| spa j | ||
| 020 | _a84-7844-496-3 | ||
| 040 |
_aM-BN _bspa _cM-BN |
||
| 080 | _a821.134.2-4"19" | ||
| 100 | 1 |
_aBergamín, José, _d1895-1983 _927925 |
|
| 245 | 1 | 3 |
_aLa decadencia del analfabetismo _b: ; La importancia del Demonio / _cJosé Bergamín ; prólogo de Gonzalo Penalva Candela. |
| 260 |
_aMadrid : _bSiruela, _c[2000] |
||
| 300 |
_a109 p. ; _c15 cm. |
||
| 490 | 1 |
_aBiblioteca de ensayo. Serie menor ; _v9 |
|
| 700 | 1 |
_aPenalva, Gonzalo. _990149 |
|
| 740 | 3 | _aLa importancia del demonio. | |
| 830 | 0 |
_aBiblioteca de ensayo. Serie menor ; _v9 _9180365 |
|
| 852 |
_aES-MaACL _jL-24079 _bR.129453 |
||
| 999 |
_c17300 _d17300 |
||